000 00592nam a2200193Ia 4500
005 20250508162030.0
008 008 250505s9999 xx 000 0 eng d
037 _aDissertations
040 _aFEDL
_beng
_cFEDL
041 _aeng
_2eng
084 _a371.4, NAN/DI
_qFEDL
100 _aNanda Veena
_9772112
245 0 _aCritical review of the research studies complieted in the field of guidance in Delhi University
260 _c1980
300 _a119p.
546 _aM.Ed. Dissertation (Delhi University)
942 _cDIS
_h371.4, NAN/DI
999 _c1373949
_d1373949